Demonopolizácia
Mimoriadna sekcia Trendu. Demonopolizácia zákonného poistenia na Slovensku. Demonopolizácia v Čechách. Sadzby poistného. Podmienky poisťovní. Nové ponuky.
Salvato in:
| Natura: | Capitolo di libro |
|---|---|
| Lingua: | slovacco |
| Soggetti: | |
| Tags: |
Nessun Tag, puoi essere il primo ad aggiungerne!!
|
MARC
| LEADER | 00000naa a2200000 4500 | ||
|---|---|---|---|
| 001 | r043302 | ||
| 005 | 20230921112249.4 | ||
| 041 | 0 | |a slo | |
| 044 | |a SK | ||
| 245 | 1 | 0 | |a Demonopolizácia |
| 520 | |a Mimoriadna sekcia Trendu. Demonopolizácia zákonného poistenia na Slovensku. Demonopolizácia v Čechách. Sadzby poistného. Podmienky poisťovní. Nové ponuky. | ||
| 610 | 2 | 0 | |a demonopolizácia |
| 610 | 2 | 0 | |a poistenie zákonné |
| 610 | 2 | 0 | |a automobily |
| 610 | 2 | 0 | |a poistné |
| 610 | 2 | 0 | |a poisťovne |
| 610 | 2 | 0 | |a ponuka |
| 610 | 2 | 0 | |a Slovensko |
| 610 | 2 | 0 | |a Česko |